01395nam a2200301Ia 4500001001100000003000800011006001900019007001500038008004100053010001700094020001500111040002100126035002000147050002200167100003400189245023900223260005300462300001100515500002000526500008700546533015200633650005200785650003600837651004900873655002900922710001700951856012500968ebr5003588CaPaEBRm u cr cn|||||||||750902s2001 cau s 001 0deng d z 56000052  z1589760522 aCaPaEBRcCaPaEBR a(OCoLC)7076801514aF597b.R94 2001eb1 aRussell, Osborne,d1814-1892.10aJournal of a trapperh[electronic resource] :bin the Rocky Mountains between 1834 & 1843 ;comprising a description of the country, climate, rivers, lakes, mountains, etc. ... country /cby Osborne Russell ;edited by Aubrey L. Haines. aSanta Barbara, Calif. :bNarrative Press,c2001. a248 p. aIncludes index. aThis edition includes letters by the author to his family, compiled by the editor. aElectronic reproduction.bPalo Alto, Calif. :cebrary,d2009.nAvailable via World Wide Web.nAccess may be limited to ebrary affiliated libraries. 0aFrontier and pioneer lifezNorthwestern States. 0aFur tradezNorthwestern States. 0aNorthwestern StatesxDescription and travel. 7aElectronic books.2local2 aebrary, Inc.40uhttp://site.ebrary.com/lib/rucke/Doc?id=5003588zAn electronic book accessible through the World Wide Web; click to view